Survivor Final Four Finishers (US Seasons 1-47) - Statistics

General Stats
  • This quiz has been taken 269 times
  • The average score is 176 of 235
Answer Stats
Season # Season Name % Correct
Richard Hatch
97%
1 Borneo
95%
Kelly Wiglesworth
95%
Tina Wesson
92%
3 Africa
91%
Amber Brkich
91%
Rudy Boesch
91%
8 All Stars
89%
Colby Donaldson
89%
Parvati Shallow
89%
2 The Australian Outback
89%
Ethan Zohn
88%
7 Pearl Islands
88%
Rob Mariano
88%
Sandra Diaz-Twine
88%
5 Thailand
88%
17 Gabon
86%
4 Marquesas
86%
41 41
85%
42 42
85%
43 43
85%
44 44
85%
45 45
85%
46 46
85%
47 47
85%
Amanda Kimmel
85%
6 Amazon
85%
15 China
85%
John Cochran
85%
JT Thomas
85%
Sam Phalen
85%
Tony Vlachos
85%
Vecepia Towery
85%
40 Winners at War
85%
Bob Crowley
83%
Brian Heidik
83%
Cirie Fields
83%
13 Cook Islands
83%
Dianelys "Dee" Valladares
83%
36 Ghost Island
83%
Ken McNickle
83%
16 Micronesia
83%
22 Redemption Island
83%
Sarah Lacina
83%
Todd Herzog
83%
Yul Kwon
83%
Adam Klein
82%
Aras Baskauskas
82%
Ben "Coach" Wade
82%
27 Blood vs Water
82%
Danni Boatwright
82%
David Wright
82%
Denise Stapley
82%
Erika Casupanan
82%
14 Fiji
82%
11 Guatemala
82%
Jenna Morasca
82%
Jenn Lyon
82%
Jessica "Sugar" Kiper
82%
Jud "Fabio" Birza
82%
Maryanne Oketch
82%
Mike Gabler
82%
Natalie White
82%
12 Panama
82%
25 Philippines
82%
Russel Hantz
82%
Russell Hantz
82%
Sophie Clarke
82%
Spencer Bledsoe
82%
Stephen Fishbach
82%
Tyson Apostol
82%
9 Vanuatu
82%
31 Cambodia
80%
Chris Daugherty
80%
Courtney Yates
80%
37 David vs Goliath
80%
34 Game Changers
80%
20 Heroes vs Villains
80%
Lex van den Berghe
80%
Matthew von Ertfelda
80%
Michele Fitzgerald
80%
33 Millennials vs Gen X
80%
Oscar "Ozzy" Lusth
80%
10 Palau
80%
Rachel LaMont
80%
19 Samoa
80%
Tommy Sheehan
80%
Woo Hwang
80%
Yamil "Yam Yam" Arocho
80%
Aubry Bracco
78%
Brad Culpepper
78%
Chris Underwood
78%
Dawn Meehan
78%
Earl Cole
78%
39 Island of the Idols
78%
MacKenzie "Kenzie" Petty
78%
Mike White
78%
Natalie Anderson
78%
Nick Wilson
78%
Rob Cesternino
78%
Susan Hawk
78%
Tai Trang
78%
18 Tocantins
78%
Tom Weston
78%
Angelina Keeley
77%
28 Cagayan
77%
26 Caramoan
77%
35 Heroes vs Healers vs Hustlers
77%
Jeremy Collins
77%
32 Kaoh Rong
77%
Kim Spradlin
77%
Mike Holloway
77%
24 One World
77%
Phillip Sheppard
77%
Wendell Holland
77%
Ben Driebergen
75%
Danielle DiLorenzo
75%
38 Edge of Extinction
75%
Eliza Orlins
75%
Ian Rosenberger
75%
Jon "Jonny Fairplay" Dalton
75%
Kass McQuillen
75%
21 Nicaragua
75%
23 South Pacific
75%
Stephenie LaGrossa
75%
Tasha Fox
75%
30 Worlds Apart
75%
Xander Hastings
75%
Domenick Abbate
74%
Jerri Manthey
74%
Monica Culpepper
74%
Rupert Boneham
74%
Andria "Dreamz" Herd
72%
Carolyn Wiger
72%
Charles "Charlie" Davis
72%
Chrissy Hofbeck
72%
Katie Gallagher
72%
Lillian Morris
72%
Malcolm Freberg
72%
Michael Skupin
72%
Rebekah "Becky" Lee
72%
29 San Juan del Sur
72%
Terry Deitz
72%
Austin Li Coon
71%
Cassidy Clark
71%
Gervase Peterson
71%
Kim Johnson
71%
Lisa Welchel
71%
Missy Payne
71%
Rick Devons
71%
Twila Tanner
71%
Clay Jordan
69%
Hannah Shapiro
69%
Heidi Lagares-Greenblatt
69%
Jenna Lewis
69%
Neleh Dennis
69%
Sabrina Thompson
69%
Sundra Oakley
69%
Troy "Troyzan" Robertson
69%
Albert Destrade
68%
Chase Rice
68%
Denise Martin
68%
Gavin Whitson
68%
Jaclyn Shultz
68%
Kathy Vavrick-O'Brien
68%
Natalie Bolton
68%
Rafe Judkins
68%
Sherri Biethman
68%
Susie Smith
68%
Taj George-Johnson
68%
Tom Buchanan
68%
Laurel Johnson
66%
Mike Turner
66%
Scout Cloud Lee
66%
Will Sims II
66%
Yau-Man Chan
66%
Chelsea Meissner
65%
Deshawn Radden
65%
Elizabeth "Liz" Wilcox
65%
Keith Famie
65%
Kelley Wentworth
65%
Matty Whitmore
65%
Natalie Tenerelli
65%
Paschal English
65%
Carolyn Rivera
63%
Darrah Johnson
63%
Devon Pinto
63%
Jesse Lopez
63%
Julie Rosenberg
63%
Mick Trimming
63%
Owen Knight
63%
Rodney Lavoie Jr.
63%
Carson Garret
62%
Cassandra Franklin
62%
Dean Kowalski
62%
Eddie Fox
62%
Erinn Lobdell
62%
Romeo Escobar
62%
Ryan Ulrich
62%
Sash Lenahan
62%
Ben Katzman
60%
Elisabeth Filarski
60%
Keith Nale
60%
Noura Salman
60%
Susan "Sue" Smey
60%
Brett Clouser
58%
Chistine "Teeny" Chirchillo
58%
Jan Gentry
58%
Kara Kay
58%
Jacob "Jake" O'Kane
57%
Jonathan Young
55%
Heather Aldret
52%
Lauren Beck
52%
Ashley Underwood
51%
Butch Lockley
51%
Cydney Gillon
51%
Katurah Topps
51%
Christina Cha
49%
Helen Glover
49%
Holly Hoffman
49%
Lydia Morales
49%
Angela Perkins
37%
No matching quizzes found
Score Distribution
Percent of People with Each Score
Percentile by Number Answered
Your Score History
You have not taken this quiz